[Event "Vienna Advent op"]
[Site "Vienna"]
[Date "2023.12.15"]
[Round "5"]
[White "Kellner, Nikolaus"]
[Black "Stallmann, Andreas"]
[Result "0-1"]
[WhiteElo "1680"]
[BlackElo "1803"]
[PlyCount "112"]
[EventDate "2023.12.11"]
[EventType "swiss"]
[EventRounds "7"]
[EventCountry "AUT"]
[SourceTitle "CB51_2023"]
[SourceDate "2023.12.20"]
[SourceVersion "1"]
[SourceVersionDate "2023.12.20"]
[SourceQuality "1"]

1. c4 Nf6 2. Nf3 e6 3. Nc3 d5 4. e3 c5 5. b3 d4 6. exd4 cxd4 7. Nb5 Nc6 8. Bb2 e5 9. Qe2 Bg4 10. Nbxd4 Nxd4 11. Bxd4 Qxd4 12. Nxd4 Bxe2 13. Nxe2 Bc5 14. f3 0-0-0 15. a3 a5 16. Nc3 e4 17. Nxe4 Nxe4 18. fxe4 Rhe8 19. d3 f5 20. h4 fxe4 21. Rh3 Bd4 22. 0-0-0 e3 23. Be2 Rf8 24. Bf3 Kc7 25. a4 Rde8 26. Kc2 Kb6 27. h5 Kc5 28. Re1 Rf4 29. Re2 Re7 30. h6 g5 31. Rg3 Re5 32. Bxb7 Rf1 33. Be4 Rh1 34. Rh3 Ra1 35. Rexe3 Bxe3 36. Rxe3 Kd4 37. Re2 Ra2+ 38. Kd1 Ra1+ 39. Kd2 Ra2+ 40. Ke1 Rxe2+ 41. Kxe2 Re6 42. Kf3 Rxh6 43. Kg4 Rb6 44. Kxg5 Rxb3 45. Bxh7 Rb4 46. g4 Rxa4 47. Kh6 Ra2 48. g5 Rh2+ 49. Kg7 a4 50. g6 a3 51. Kf6 Rf2+ 52. Ke7 Rg2 53. c5 a2 54. c6 a1Q 55. c7 Qa7 56. Kd7 Rc2 0-1

[Event "Vienna Advent op"]
[Site "Vienna"]
[Date "2023.12.12"]
[Round "2"]
[White "Stallmann, Andreas"]
[Black "Buettner, Anton"]
[Result "0-1"]
[WhiteElo "1803"]
[BlackElo "1552"]
[PlyCount "86"]
[EventDate "2023.12.11"]
[EventType "swiss"]
[EventRounds "7"]
[EventCountry "AUT"]
[SourceTitle "CB51_2023"]
[SourceDate "2023.12.20"]
[SourceVersion "1"]
[SourceVersionDate "2023.12.20"]
[SourceQuality "1"]

1. e4 e5 2. Nf3 Nc6 3. Bc4 Bc5 4. c3 d6 5. 0-0 Bg4 6. d3 Nge7 7. Bxf7+ Kd7 8. h3 Rf8 9. hxg4 Rxf7 10. Qb3 Qf8 11. Qd1 Ng6 12. d4 Bb6 13. Be3 Nf4 14. Nbd2 exd4 15. Nxd4 Nxd4 16. cxd4 Re8 17. a4 a6 18. a5 Ba7 19. Ra3 g5 20. e5 d5 21. g3 Nh3+ 22. Kg2 Nf4+ 23. gxf4 gxf4 24. Qb3 fxe3 25. Qxd5+ Kc8 26. Rxe3 Rd7 27. Qf3 Rxd4 28. Rb3 Qxf3+ 29. Nxf3 Rxg4+ 30. Kh3 Ra4 31. Rd3 Rxa5 32. Kg4 Rb5 33. b3 Rb4+ 34. Kh5 Rf4 35. Rfd1 Bxf2 36. e6 Re4 37. Rd7 R4xe6 38. Rxh7 Re3 39. Ng5 Rxb3 40. Kg6 Rb6+ 41. Kf7 Rd8 42. Ne6 Rd7+ 43. Kg8 Rxd1 0-1

[Event "Vienna Ottakring 100 Years"]
[Site "Vienna"]
[Date "2023.08.26"]
[Round "1"]
[White "Janzelj, Tim"]
[Black "Stallmann, Andreas"]
[Result "1-0"]
[WhiteElo "2458"]
[BlackElo "1823"]
[PlyCount "67"]
[EventDate "2023.08.26"]
[EventType "swiss"]
[EventRounds "9"]
[EventCountry "AUT"]
[SourceTitle "EXT 2024"]
[Source "ChessBase"]
[SourceDate "2023.10.10"]
[SourceVersion "1"]
[SourceVersionDate "2023.10.10"]
[SourceQuality "1"]

1. e4 c5 2. c3 d6 3. d4 Nf6 4. dxc5 Nc6 5. Qd3 dxc5 6. Qxd8+ Kxd8 7. f3 e6 8. Bf4 Be7 9. Na3 Nh5 10. 0-0-0+ Bd7 11. Be3 a6 12. Nc4 b5 13. Nb6 Ra7 14. a4 bxa4 15. Nxa4 Nd4 16. Nb6 Nb5 17. Nh3 h6 18. e5 g5 19. g4 Ng7 20. Nf2 Rb7 21. Nxd7 Rxd7 22. Ne4 Rxd1+ 23. Kxd1 Kc7 24. Nxc5 Rd8+ 25. Kc2 Rd5 26. Nd3 Rd7 27. Bg2 Ne8 28. Ra1 f5 29. gxf5 exf5 30. Rxa6 f4 31. Bf2 Bf8 32. Bh3 Rd8 33. Re6 Rb8 34. c4 1-0

[Event "Vienna Advent op"]
[Site "Vienna"]
[Date "2022.12.05"]
[Round "1"]
[White "Stallmann, Andreas"]
[Black "Dotzer, Lukas"]
[Result "0-1"]
[WhiteElo "1822"]
[BlackElo "2155"]
[PlyCount "58"]
[EventDate "2022.12.05"]
[EventType "tourn"]
[EventRounds "7"]
[EventCountry "AUT"]
[SourceTitle "CBM 211 Extra"]
[Source "ChessBase"]
[SourceDate "2023.01.31"]
[SourceVersion "1"]
[SourceVersionDate "2023.01.31"]
[SourceQuality "1"]

1. e4 c5 2. Nf3 e6 3. d4 cxd4 4. Nxd4 Nc6 5. Nc3 Qc7 6. Be3 a6 7. Bd3 Nf6 8. 0-0 Be7 9. Qe2 0-0 10. f4 d6 11. Rad1 Nxd4 12. Bxd4 e5 13. fxe5 dxe5 14. Rxf6 Bxf6 15. Nd5 Qd6 16. Bc3 Bd8 17. Kh1 Qg6 18. Rf1 f6 19. Qe3 Be6 20. Bc4 Qe8 21. Bb4 Rf7 22. Qb3 Kh8 23. Rf3 b5 24. Bd3 Rc8 25. c4 Bxd5 26. cxd5 Be7 27. d6 Bf8 28. Qd5 Rd7 29. a4 Bxd6 0-1

[Event "Oberoesterreich-ch op"]
[Site "Haid/Ansfelden"]
[Date "2018.03.31"]
[Round "9"]
[White "Stallmann, Andreas"]
[Black "Hubner, Harald"]
[Result "1-0"]
[WhiteElo "1887"]
[BlackElo "1915"]
[PlyCount "77"]
[EventDate "2018.03.23"]
[EventType "swiss"]
[EventRounds "9"]
[EventCountry "AUT"]
[SourceTitle "EXT 2021"]
[Source "ChessBase"]
[SourceDate "2020.10.23"]
[SourceVersion "1"]
[SourceVersionDate "2020.10.23"]
[SourceQuality "1"]

1. e4 e6 2. d4 d5 3. Nd2 c5 4. exd5 exd5 5. Ngf3 Nc6 6. dxc5 Bxc5 7. Nb3 Bd6 8. Bd3 Nge7 9. 0-0 Bg4 10. Re1 Qc7 11. h3 Bh5 12. c3 0-0-0 13. Nbd4 Nxd4 14. cxd4 Nc6 15. Be3 Bf4 16. Rc1 Bxe3 17. Rxe3 Rhe8 18. Rxe8 Rxe8 19. g4 Bg6 20. Bb5 f6 21. Qa4 Re6 22. Nh4 Qf4 23. Rc3 Re1+ 24. Kg2 Be4+ 25. Nf3 Bxf3+ 26. Rxf3 Qc1 27. Rc3 Qf4 28. Bxc6 Qe4+ 29. f3 Qe2+ 30. Kg3 Rg1+ 31. Kf4 Qd2+ 32. Kf5 Qg5+ 33. Ke6 Re1+ 34. Kd6 Qf4+ 35. Kc5 Qc7 36. Kb4 Qd6+ 37. Kb3 Kb8 38. Bxd5 Qxd5+ 39. Qc4 1-0

[Event "Oberoesterreich-ch op"]
[Site "Haid/Ansfelden"]
[Date "2018.03.29"]
[Round "7"]
[White "Navratil, Robert"]
[Black "Stallmann, Andreas"]
[Result "1-0"]
[WhiteElo "2084"]
[BlackElo "1887"]
[PlyCount "62"]
[EventDate "2018.03.23"]
[EventType "swiss"]
[EventRounds "9"]
[EventCountry "AUT"]
[SourceTitle "EXT 2021"]
[Source "ChessBase"]
[SourceDate "2020.10.23"]
[SourceVersion "1"]
[SourceVersionDate "2020.10.23"]
[SourceQuality "1"]

1. g3 d5 2. Bg2 Nf6 3. Nf3 c5 4. 0-0 Nc6 5. d4 e6 6. c4 dxc4 7. Ne5 Bd7 8. Na3 Be7 9. Naxc4 cxd4 10. Bg5 0-0 11. Qb3 h6 12. Bd2 Rb8 13. a4 b5 14. Bxc6 bxc4 15. Qxc4 Rc8 16. Rfc1 Bd6 17. Nxd7 Nxd7 18. Qxd4 Ne5 19. Bg2 Qe7 20. Rxc8 Rxc8 21. Bc3 f6 22. Rd1 Bc5 23. Qe4 Nc4 24. e3 Bb6 25. Bh3 Kf7 26. Bf1 Nd6 27. Qf3 Rd8 28. Qc6 Qc7 29. Qf3 Qe7 30. a5 Bc7 31. Bd3 Nb7 1-0

[Event "Oberoesterreich-ch op"]
[Site "Haid/Ansfelden"]
[Date "2018.03.27"]
[Round "5"]
[White "Stallmann, Andreas"]
[Black "Huber, Guenter"]
[Result "1-0"]
[WhiteElo "1887"]
[BlackElo "1932"]
[PlyCount "65"]
[EventDate "2018.03.23"]
[EventType "swiss"]
[EventRounds "9"]
[EventCountry "AUT"]
[SourceTitle "EXT 2021"]
[Source "ChessBase"]
[SourceDate "2020.10.23"]
[SourceVersion "1"]
[SourceVersionDate "2020.10.23"]
[SourceQuality "1"]

1. e4 b6 2. d4 e6 3. Bd3 Bb7 4. Nc3 Nf6 5. Nge2 Bb4 6. 0-0 c5 7. a3 Bxc3 8. Nxc3 cxd4 9. Nb5 d6 10. Bg5 e5 11. f4 a6 12. Nxd4 exd4 13. e5 dxe5 14. fxe5 Qd5 15. Qe2 Ne4 16. Bc4 Nxg5 17. Bxd5 Bxd5 18. c4 dxc3 19. Rad1 Bb3 20. Rd6 b5 21. h4 Ne6 22. Qf3 Ra7 23. Qxc3 Bc4 24. b3 Rc7 25. bxc4 bxc4 26. Qf3 Re7 27. Qd5 0-0 28. Qxc4 Rc7 29. Qg4 Re7 30. h5 h6 31. Qh4 Ng5 32. Rf5 Nd7 33. Rxh6 1-0

[Event "Hoersching op 2nd"]
[Site "Hoersching"]
[Date "2014.08.23"]
[Round "1"]
[White "Stallmann, Andreas"]
[Black "Siedl, Peter"]
[Result "1/2-1/2"]
[WhiteElo "1945"]
[BlackElo "1675"]
[PlyCount "122"]
[EventDate "2014.08.23"]
[EventType "swiss"]
[EventRounds "9"]
[EventCountry "AUT"]
[SourceTitle "EXT 2015"]
[Source "ChessBase"]
[SourceDate "2014.11.20"]
[SourceVersion "1"]
[SourceVersionDate "2014.11.20"]
[SourceQuality "1"]

1. e4 b6 2. d4 Bb7 3. Nc3 e6 4. Bd3 Bb4 5. Nf3 Nf6 6. Bg5 h6 7. Bxf6 Qxf6 8. 0-0 Bxc3 9. bxc3 0-0 10. c4 d6 11. c3 Nd7 12. Qe2 Rfd8 13. Nd2 e5 14. Nb3 Re8 15. f4 exf4 16. Qg4 Qe6 17. Qxf4 Nf6 18. d5 Qe5 19. Nd4 Qxf4 20. Rxf4 a6 21. Raf1 Re5 22. Nf5 Kh7 23. Nxg7 Kxg7 24. Rxf6 Rf8 25. g4 Bc8 26. h3 Bd7 27. Kg2 h5 28. Kg3 hxg4 29. hxg4 Rg5 30. R6f4 f6 31. Rh1 Re8 32. Rh5 Ree5 33. Rh4 Bc8 34. Rf2 Bd7 35. Rfh2 Kf7 36. Rh7+ Rg7 37. Rxg7+ Kxg7 38. Rh5 Be8 39. Rf5 Bg6 40. Rf4 a5 41. Kf3 Be8 42. Bc2 Bd7 43. Ke3 Kg6 44. Bd1 Kg5 45. Kf3 Kg6 46. Kg3 Rg5 47. Rf2 Re5 48. Kf4 Rg5 49. Rh2 Kg7 50. Rh4 Re5 51. Rh5 Be8 52. Rxe5 dxe5+ 53. Ke3 Kg6 54. Kd3 Kg5 55. c5 Kf4 56. c6 Bg6 57. Kc4 Bxe4 58. Ba4 Ke3 59. d6 cxd6 60. Kb5 Bf3 61. Ka6 Bxg4 1/2-1/2